000 00526 a2200157 4500
005 20250621081043.0
020 _a0-697-35506-3
082 _aLM 621.382 GRO
100 _aGROSS, L. S.
245 _aTelecommunications: An Introduction to Electronic Media
250 _a7th Ed.
260 _aBoston
_bMcGraw-Hill
_c2000
300 _axxv,438p.: ill.; charts, pictures & tables
_bGlossary & Index
_c24cm.
856 _yAccess Online Book
_fTelecommunications: An Introduction to Electronic Media
_dwww.mhhe.com
942 _2ddc
_cBKS
999 _c3229
_d3229